<?xml version="1.0" encoding="UTF-8"?>
<record
    xmlns:xsi="http://www.w3.org/2001/XMLSchema-instance"
    xsi:schemaLocation="http://www.loc.gov/MARC21/slim http://www.loc.gov/standards/marcxml/schema/MARC21slim.xsd"
    xmlns="http://www.loc.gov/MARC21/slim">

  <leader>00708nam a2200193Ia 4500</leader>
  <controlfield tag="008">221110s9999    xx            000 0 und d</controlfield>
  <datafield tag="020" ind1=" " ind2=" ">
    <subfield code="a">97875004782257500478224</subfield>
  </datafield>
  <datafield tag="041" ind1=" " ind2=" ">
    <subfield code="a">chi</subfield>
  </datafield>
  <datafield tag="050" ind1=" " ind2=" ">
    <subfield code="a">BX9418 </subfield>
    <subfield code="b">.M2912 2009</subfield>
  </datafield>
  <datafield tag="100" ind1=" " ind2=" ">
    <subfield code="a">Mai,&#xA0;Gelasi </subfield>
  </datafield>
  <datafield tag="245" ind1=" " ind2="0">
    <subfield code="a">&#x52A0;&#x5C14;&#x6587;&#x4F20; : </subfield>
    <subfield code="b">&#x73B0;&#x4EE3;&#x897F;&#x65B9;&#x6587;&#x5316;&#x7684;&#x5851;&#x9020;&#x8005; /</subfield>
    <subfield code="c">(&#x82F1;)&#x963F;&#x5229;&#x65AF;&#x7279;. &#x9EA6;&#x683C;&#x62C9;&#x601D; (Gelasi Mai)&#x8457;; &#x7518;&#x9716;&#x8BD1;</subfield>
  </datafield>
  <datafield tag="246" ind1=" " ind2=" ">
    <subfield code="a">&#x52A0;&#x723E;&#x6587;&#x50B3; : </subfield>
    <subfield code="b">&#x73FE;&#x4EE3;&#x897F;&#x65B9;&#x6587;&#x5316;&#x7684;&#x5851;&#x9020;&#x8005; /</subfield>
  </datafield>
  <datafield tag="260" ind1=" " ind2=" ">
    <subfield code="a">&#x5317;&#x4EAC; : </subfield>
    <subfield code="b">&#x4E2D;&#x56FD;&#x793E;&#x4F1A;&#x79D1;&#x5B66;&#x51FA;&#x7248;&#x793E;, </subfield>
    <subfield code="c">2009</subfield>
  </datafield>
  <datafield tag="300" ind1=" " ind2=" ">
    <subfield code="a">312 p. : </subfield>
    <subfield code="b">ill. ;</subfield>
    <subfield code="c">23 cm.</subfield>
  </datafield>
  <datafield tag="500" ind1=" " ind2=" ">
    <subfield code="a">(&#x82F1;)&#x963F;&#x5229;&#x65AF;&#x7279;. &#x9EA5;&#x683C;&#x62C9;&#x601D;( Gelasi Mai)&#x8457; ; &#x7518;&#x9716;&#x8B6F;</subfield>
  </datafield>
  <datafield tag="650" ind1=" " ind2=" ">
    <subfield code="a">Autobiographies.</subfield>
  </datafield>
  <datafield tag="700" ind1=" " ind2=" ">
    <subfield code="a">&#x963F;&#x5229;&#x65AF;&#x7279;. &#x9EA6;&#x683C;&#x62C9;&#x601D;&#x7518;&#x9716;</subfield>
  </datafield>
  <datafield tag="952" ind1=" " ind2=" ">
    <subfield code="0">0</subfield>
    <subfield code="1">0</subfield>
    <subfield code="4">0</subfield>
    <subfield code="7">0</subfield>
    <subfield code="a">GETS</subfield>
    <subfield code="b">GETS</subfield>
    <subfield code="c"> GEN</subfield>
    <subfield code="d">2022-11-09</subfield>
    <subfield code="l">0</subfield>
    <subfield code="o">BX9418 .M2912 2009</subfield>
    <subfield code="p">00029196</subfield>
    <subfield code="r">2022-11-09 00:00:00</subfield>
    <subfield code="w">2022-11-09</subfield>
    <subfield code="y">CB</subfield>
  </datafield>
  <datafield tag="999" ind1=" " ind2=" ">
    <subfield code="c">42247</subfield>
    <subfield code="d">42247</subfield>
  </datafield>
</record>
